Southville International School and Colleges
Your cart is empty.
  • Cart
  • Lists
    Public lists Eva Luna New books Lux_list list_1
    Your lists Log in to create your own lists
  • Log in to your account
  • Your cookies
  • Search history
Southville International School and Colleges
  • Advanced search
  • Recent comments
  • Most popular
  • Libraries

Log in to your account

Log in with GOOGLE


If you do not have an external account, but do have a local account, you can still log in:

  1. Home
  2. MARC view: The puzzle place: Leon's antics /
Normal view MARC view ISBD view

The puzzle place: Leon's antics / (Record no. 102424)

[ view plain ]
MARC details
000 -LEADER
fixed length control field 00875nam a2200205 a 4500
005 - DATE AND TIME OF LATEST TRANSACTION
control field 20140412111236.0
008 - FIXED-LENGTH DATA ELEMENTS--GENERAL INFORMATION
fixed length control field 010604s19uu xx 00 eng d
020 ## - INTERNATIONAL STANDARD BOOK NUMBER
International Standard Book Number 0-8431-3993-5
050 ## - LIBRARY OF CONGRESS CALL NUMBER
Classification number ER
Item number Pu96Le 1999
100 ## - MAIN ENTRY--PERSONAL NAME
Personal name Fujimoto, Michi
245 ## - TITLE STATEMENT
Title The puzzle place: Leon's antics /
Statement of responsibility, etc written by Michi Fujimoto.
260 ## - PUBLICATION, DISTRIBUTION, ETC. (IMPRINT)
Place of publication, distribution, etc New York :
Name of publisher, distributor, etc Putnam & Grosset Group,
Date of publication, distribution, etc 1995.
300 ## - PHYSICAL DESCRIPTION
Extent 1v. (unp.) ; ill.
440 ## - SERIES STATEMENT/ADDED ENTRY--TITLE
Title The Puzzle Place
500 ## - GENERAL NOTE
General note Based on the teleplay, "Roamantics," by Ellis Weiner, Cris Franco and Joseph A. Bailey
520 ## - SUMMARY, ETC.
Summary, etc Ben shares his new ant farm with the Puzzle Place. The direction include a warning: DO NOT OPEN. But Leon can't resist the temptation- and soon the ants take actions have consequences and that he has to take responsibility for the,
650 ## - SUBJECT ADDED ENTRY--TOPICAL TERM
Topical term or geographic name as entry element Ants-Stories
650 ## - SUBJECT ADDED ENTRY--TOPICAL TERM
Topical term or geographic name as entry element Children's stories
Holdings
Withdrawn status Lost status Damaged status Use restrictions Home library Current library Shelving location Date acquired Source of acquisition Total Checkouts Full call number Barcode Date last seen Price effective from Koha item type
        Elizalde Library Elizalde Library Easy Reading Section 06/04/2001     ER Pu96Le 1999 E1698 04/12/2014 04/12/2014 Books

The puzzle place: Leon's antics /

APA

Fujimoto M., . (1995). The puzzle place: Leon's antics. New York: Putnam & Grosset Group.

Chicago

Fujimoto Michi, . 1995. The puzzle place: Leon's antics. New York: Putnam & Grosset Group.

Harvard

Fujimoto M., . (1995). The puzzle place: Leon's antics. New York: Putnam & Grosset Group.

MLA

Fujimoto Michi, . The puzzle place: Leon's antics. New York: Putnam & Grosset Group. 1995.

  • Place hold
  • Print
  • Cite
  • Add to your cart (remove)
  • Save record
    BIBTEX Dublin Core MARCXML MARC (non-Unicode/MARC-8) MARC (Unicode/UTF-8) MARC (Unicode/UTF-8, Standard) MODS (XML) RIS
  • More searches
    Search for this title in:
    Other Libraries (WorldCat) Other Databases (Google Scholar) Online Stores (Bookfinder.com) Open Library (openlibrary.org)

Exporting to Dublin Core...

SOUTHVILLE LIBRARY

Southville International School and Colleges Library

1281 Tropical Ave. Cor. Luxembourg St., BF Homes International, Las Pinas City

Tel. No. 8256374 / 252358 Loc. 117/146

Powered by Koha